[Event "Kemer Turkey Cup"]
[Site "Kemer"]
[Date "2014.02.01"]
[Round "1"]
[White "Karatas, Melih"]
[Black "Hasman, Cengiz"]
[Result "0-1"]
[WhiteElo "1875"]
[BlackElo "2133"]
[PlyCount "98"]
[EventDate "2014.02.01"]
[EventType "swiss"]
[EventRounds "9"]
[EventCountry "TUR"]
[SourceTitle "CBM 158 Extra"]
[Source "ChessBase"]
[SourceDate "2014.02.28"]
[SourceVersion "1"]
[SourceVersionDate "2014.02.28"]
[SourceQuality "1"]

1. e4 g6 2. d4 Bg7 3. Nc3 c6 4. Nf3 d6 5. h3 Nf6 6. Be3 0-0 7. a4 Nbd7 8. Nd2 e5 9. dxe5 dxe5 10. Nc4 Ne8 11. Bc5 Nc7 12. Bxf8 Qxf8 13. Qd6 Qd8 14. 0-0-0 Ne6 15. Qd2 Nd4 16. Kb1 Nc5 17. Be2 Qe7 18. h4 h6 19. Ne3 Be6 20. h5 g5 21. g4 Rd8 22. Nf5 Qf8 23. Rh3 Rd7 24. Qe3 Qd8 25. Rhh1 Qa5 26. b3 a6 27. Na2 Ncxb3 28. cxb3 Bxb3 29. Nxd4 Bxd1 30. Rxd1 exd4 31. Qb3 Qe5 32. Qd3 c5 33. Rc1 Rc7 34. Qb3 Qxe4+ 35. Bd3 Qe5 36. a5 Qd6 37. Qa4 Re7 38. Qc4 Re5 39. f3 Qc7 40. Qa4 Qe7 41. Be4 Rxe4 42. fxe4 Qxe4+ 43. Qc2 d3 44. Qd2 c4 45. Qe1 Qd4 46. Qc3 Qf2 47. Qb4 Qd4 48. Qc3 d2 49. Qxd4 dxc1Q+ 0-1

[Event "Troya op 21st"]
[Site "Canakkale"]
[Date "2013.08.18"]
[Round "2"]
[White "Karatas, Melih"]
[Black "Duman, Aydin"]
[Result "0-1"]
[WhiteElo "1889"]
[BlackElo "2271"]
[PlyCount "80"]
[EventDate "2013.08.17"]
[EventType "swiss"]
[EventRounds "9"]
[EventCountry "TUR"]
[SourceTitle "CBM 156 Extra"]
[Source "ChessBase"]
[SourceDate "2013.10.22"]
[SourceVersion "1"]
[SourceVersionDate "2013.10.22"]
[SourceQuality "1"]

1. e4 c5 2. Nf3 d6 3. d4 cxd4 4. Nxd4 Nf6 5. Nc3 a6 6. a4 g6 7. h3 Bg7 8. g3 Nc6 9. Nde2 0-0 10. Bg2 Rb8 11. 0-0 b5 12. axb5 axb5 13. Be3 Nd7 14. Nd4 Nxd4 15. Bxd4 Bxd4 16. Qxd4 Ne5 17. Kh2 Be6 18. Rfd1 b4 19. Nd5 Bxd5 20. Qxd5 Qc7 21. f4 Nc4 22. e5 dxe5 23. Qd7 Qxd7 24. Rxd7 e6 25. b3 Nb6 26. Rda7 exf4 27. gxf4 Rfd8 28. Kg3 Rbc8 29. Be4 Rd4 30. Bd3 Nd5 31. Rd7 h5 32. h4 Rxf4 33. Raa7 Rg4+ 34. Kf3 Rf8 35. Bc4 Rxh4 36. Rab7 Rf4+ 37. Kg3 h4+ 38. Kh3 Kg7 39. Rd6 Rf3+ 40. Kg4 Rg3+ 0-1